000 00481nam a22001937a 4500
003 MPLRDC
005 20220104124325.0
008 210129b ||||| |||| 00| 0 eng d
020 _a983-074-003-X
082 _a868.71 DLWC v.4
100 _a唐林
245 _a夜渡彭亨河
_c
250 _a初版
260 _a
_b雪兰莪乌鲁冷岳兴安会
_c1995
300 _b
490 _a德麟文丛. 第一辑. 4
650 _a马华文学
942 _cBK
_o868.71 DLWC v.4
999 _c18430
_d18420